Представление документа в формате RUSMARC

ПолеНазваниеЗначение
  Тип записи a
  Библиографический уровень m
001 Контрольный номер UONB/MAIN/39f8ae087c78493489591681019ebf1d
005 Дата корректировки 20260212102911.9
010 Индекс ISBN __
a ISBN 978-5-04-191144-7
b Уточнения в пер.
9 Тираж 2000 экз.
d Цена 120 р.
100 Данные общей обработки __
a Данные общей обработки 20251124d2024 u y0rusy0189 ca
101 Язык документа 0_
a Язык текста rus
102 Страна публикации __
a Страна публикации RU
105 Кодированные данные (монография) __
a Кодированные данные (монография) y z 000yy
200 Заглавие и сведения об ответственности 1_
a Заглавие Легенды Крыма
f Первые сведения об ответственности Никандр Маркс
203 Вид содержания и тип средства __
a Вид содержания Текст
b Характеристика содержания визуальный
c Тип средства непосредственный
210 Выходные данные 1_
a Место издания Москва
c Издательство Эксмо
d Дата издания 2024
215 Физическое описание __
a Объем 315, [1] с.
d Формат 21 см
225 Серия 1_
a Серия Всемирная литература (с картинкой)
333 Примечание о целевом назначении __
a Примечание о целевом назначении 16+
606 Тематические рубрики 0_
a Основная рубрика Легенды и предания русские
y Географическая подрубрика Крым
610 Ключевые слова 0_
a Ключевые слова легенды и предания русские; легенды и предания о Крыме; легенды Крыма; крымский фольклор
686 Индексы других классификаций __
2 Код системы rubbk
a Классификационный индекс 82.3(2=Рус)-443
700 Автор _1
a Фамилия Маркс
b Имя (инициалы) Н. А.
g Полное личное имя Никандр Александрович
801 Источник записи _0
a Страна RU
b Организация Ульяновская ОНБ
c Дата составления 20251124
g Правила каталогизации RCR
801 Источник записи _1
a Страна RU
b Организация Ульяновская ОНБ
c Дата составления 20251124
g Правила каталогизации RCR
900 Электронные ресурсы __
a Имя электронного ресурса 4925ц0534
900 Электронные ресурсы __
a Имя электронного ресурса 4925ц0535
901 Тип документа __
t Тип документа m
909 Создатель записи __
a Создатель записи Егорова Э. А.
b Дата создания записи 20251124
910 Корректоры записи __
a Корректор записи Седова
b Дата внесения изменения в запись 20260212